| 000 | 01167nam a22002657a 4500 | ||
|---|---|---|---|
| 999 |
_c2443 _d2443 |
||
| 003 | AR-CdUCM | ||
| 008 | 190304b ||||| |||| 00| 0 spa d | ||
| 020 | _a950-694-133-5 | ||
| 040 |
_aMUNICIPALIDAD PROVINCIAL DEL CUSCO _cBIBLIOTECA MUNICIPAL DEL CUSCO |
||
| 041 | _heng | ||
| 082 |
_a327.73 / _bN27 |
||
| 100 |
_aNathan, James A. _98756 |
||
| 245 | _aEfectos de la Política Exterior Norteamericana en el orden Mundial / | ||
| 260 |
_aBuenos Aires : _bGrupo Editor Latinoamericano, _c1991. |
||
| 300 |
_a509 paginas ; _c24cm. |
||
| 500 | _aIncluye referencias bibliográficas Analiza la política exterior de Norteamérica con relación a diferentes concepciones de la estrucutra y la dinámica de las políticas mundiales a fines del siglo veinte. | ||
| 505 | _aContenido -- Preludio a la guerra fria -- El comienzo de la guerra fria -- Corea -- Conservando la contención -- La contención en la nueva guerra... | ||
| 650 |
_aEstados Unidos _92115 |
||
| 650 |
_aRelaciones Exteriores _94428 |
||
| 650 |
_aLiteratura _983 |
||
| 700 |
_aOliver, James K _98757 |
||
| 700 |
_aRosenberg, Mirta ( traductor ) _98758 |
||
| 942 |
_2ddc _cLIBROS |
||
| 945 | _apjha | ||